000 00341nam a22001457a 4500
008 240318b ||||| |||| 00| 0 eng d
020 _a9027718989
041 _aeng
080 _21985
_a101
082 _a101PIT
100 _a44
101 _aFILOZOFI
245 _aCHANGE AND PROGRESS IN MODERN SCIENCE
_cJOSEPH C.PITT
942 _2udc
_cBK
999 _c60596
_d60596